| 000 | 01087nam a22003377a 4500 | ||
|---|---|---|---|
| 003 | CHAP | ||
| 005 | 20220329134832.0 | ||
| 008 | 971013s1967 r 00010 d | ||
| 010 | _a26719 | ||
| 011 | _a27691 | ||
| 035 | _a31792 | ||
| 040 | _cCHAP | ||
| 082 |
_a630.947 _bK3 |
||
| 100 | 0 | 0 |
_aKarcz, Jerzy F. _eed. _962736 |
| 245 | _aSoviet and east european agriculture | ||
| 260 |
_aBerkeley, Cal. : _bUniversity of California, _c1967 |
||
| 300 | _a445 p. | ||
| 490 | _aRussian and east european studies | ||
| 590 |
_aBATCH-UPD _b10 _c20130110 _lUCH01 _h0146 |
||
| 590 |
_aBATCH-UPD _b10 _c20130110 _lUCH01 _h2033 |
||
| 590 |
_aCONVERSION _b10 _c20130109 _lUCH01 _h1315 |
||
| 650 | 1 | 4 |
_aAgricultura y socialismo. _92077 |
| 650 | 1 | 4 |
_aAgricultura _xChecoslovaquia. _91354 |
| 650 | 1 | 4 |
_aAgricultura _xPolonia. _91770 |
| 650 | 1 | 4 |
_aAgricultura _xYugoslavia. _91904 |
| 650 | 1 | 4 |
_aU.R.S.S. _xAgricultura. _9115762 |
| 830 | 0 |
_aRussian and east european studies _9100974 |
|
| 901 | _aBK | ||
| 942 | _cLIBRO | ||
| 949 |
_a630.947 K3 _bBC _cLIBRO _d33724000047890 _eLIBRO _h51427 _i31792 _si _t780.00 |
||
| 999 |
_c26719 _d26719 |
||